000 00624nam a2200193 a 4500
001 000039846
005 20201002033752.0
008 130725s2004 sp 000 0 spa d
020 _a8400082494
040 _aDO-SdBNP
_bspa
_cBNPHU
100 1 _aAyensa Prat, Eusebi
_966039
245 1 0 _aCancionero griego de frontera /
_cEusebi Ayensa Prat.
260 _aMadrid :
_bConsejo Superior de Investigaciones Científicas,
_c2004.
300 _a316 p. ;
_c25 cm.
490 1 _aNueva Roma
_vno. 23
500 _aIncluye notas al pie de las páginas
504 _aBibliografía : p. 300-307
830 0 _aNueva Roma
_nno. 23
_966040
999 _c39336
_d39336